LEADER 00457nab a2200145 i 4500 001 000000269403 003 CaOOAMICUS 005 20180831164825.0 008 180831n xx uu u0 0und r 013 $a15305 040 $aSeMil$bita 245 10$a[vedi periodico]. 500 $aGennaio 2007, inserto redazionale. 773 0 $aBorsi, Stefano$tBrunelleschi.$dFirenze : Giunti, 2007.$z88-09-05321-2$w()173722 996 $6245$a[vedi periodico]$9(OLS)http://semarc/title/309439 LEADER 00458naa a2200145 i 4500 001 000000308781 003 CaOOAMICUS 005 20180831172942.0 008 180831n xx u000 u ger u 013 $a17794 040 $aSeMil$bita 100 1 $aIserloh, Erwin <1915-1996>.$0(OLS)http://semarc/name/672 245 10$aKaspar Schatzgeyer. 650 4$aSchatzgeyer, Kaspar.$0(OLS)http://semarc/subject/43838 996 $6245$aKaspar Schatzgeyer$9(OLS)http://semarc/title/383994